1739 1155 1570 1911 1702 1265 1478 1806 1934 1337 1360 1681 1080 1538 1321 1714 1158 1516 1880 1915 1390 1808 1559 1527 1223 1394 1931 1704 1775 1108 1329 1154 1691 1215 1097 1151 1310 1356 1573 1360 1747 1381 1829 1689 1327 1699 1619 1143 1524 1880 1489 1108 1990 1668 1347 1360 1783 1772 1826 1215 1257 1810 1768 1186 1311 1914 1096 1600 1487 1649 1295 1928 1750 1690 1159 1729 1819 1293 1491 1879 1545 1604 1814 1728 1470 1134 1386 1844 1761 1712 1439 1337 1979 1845 1109 1273 1516 1296 1079 BCNSPRNW ULIB Ver.6.0+V

เปลี่ยนเป็นภาษาไทย

Change to English
 แสดงรายละเอียดบรรณานุกรม
  กลับหน้าหลัก

Brief Record : Get Marc (ISO 2709) : E-mail record : QR code < ปิดหน้าต่าง
LEADER : 00000nam 2200000uu 4500
001    13399113605
003     ULIB
008    111121s2551||||th 000 0 tha d
020    ^a9789742245948
090    ^aนว.^bม799ก ล.2 2551
100 0  ^amermade_pk
245 00 ^aเกมรักเกมร้าย/^cmermade_pk
250    ^aพิมพ์ครั้งที่ 1
260    ^aกรุงเทพฯ :^bอักษรศาสตร์,^c2551
300    ^a241หน้า
710 1  ^aอักษรศาสตร์
945    ^p229^l0^i15311
995    ^aทศพร
999    ^aใช้งานได้ทุกระบบ
รายการนี้ยังไม่มีแท็ก
คุณยังไม่ได้ล็อกอิน คุณสามารถมีกิจกรรมร่วมกับเว็บไซต์ได้ แต่ต้องล็อกอินก่อน ::
  ล็อกอิน

รายการสื่อสารสนเทศ

ลำดับที่ ประเภท เลขเรียก/บาร์โค้ด สถานที่ สถานะ
1. นวนิยาย
นวนิยาย
นว. ม799ก ล.2 2551 ฉ.1 
  Barcode: 15311
ห้องสมุดวิทยาเขตสวรรค์ประชารักษ์
►นวนิยาย
บนชั้น
  ขอยืม

รายการใกล้เคียง
    ผู้แต่ง [mermade_pk]

BibComment


ยังไม่เคยถูกคอมเมนท์

คอมเมนท์ทรัพยากรรายการนี้
  คอมเมนท์: เกมรักเกมร้าย me..

สมาชิกที่บันทึกรายการนี้ไว้ในรายการโปรด
จิรวรรณ พวงสมบัติ

 Copyright 2026. Bcnsprnw @Library